000 00679nam a2200241Ia 4500
003 OSt
005 20220918223434.0
006 a|||||r|||| 00| 0
007 ta
008 220917b |||||||| |||| 00| 0 eng d
024 _a222,557
037 _cTextual
040 _aARTS
_cARTS
_beng
041 _2eng
_aeng
082 _aO111:g(V:17), P4
100 _aLazarus Neil Ed.
_918622
245 0 _aCambridge companion to postcolonial literary studies
260 _aU.S.A.
_bCambridge Univ. press
_c2004
300 _axiv, 301p
_ccm.
650 _aENGLISH LITERATURE
942 _hO111:g(V:17), P4
_cTEXL
_2CC
999 _c278448
_d278448